Grandes obras de la pintura universal
Salvato in:
| Autore principale: | |
|---|---|
| Natura: | Libro |
| Lingua: | spagnolo |
| Pubblicazione: |
Barcelona
Planeta
1984
|
| Soggetti: | |
| Tags: |
Aggiungi Tag
Nessun Tag, puoi essere il primo ad aggiungerne!!
|
MARC
| LEADER | 00000nam a2200000 a 4500 | ||
|---|---|---|---|
| 001 | UCW0083 | ||
| 003 | CL-VaPUC | ||
| 008 | 881130e19840000SP |||||||||||||||||spa|d | ||
| 082 | 0 | 4 | |a 759 |b MON |2 21 |
| 100 | |a Monreal Tejada, Luis |e autor |9 304075 | ||
| 245 | 1 | 0 | |a Grandes obras de la pintura universal |
| 300 | |a 12 v | ||
| 942 | |c BK | ||
| 945 | |d 19881130 00:00:00 |a oaravena | ||
| 260 | |a Barcelona |b Planeta |c 1984 | ||
| 500 | |a Procedencia de las ilustraciones: Archivo Fournier, Mario Carrieri, Salmer y Scala. Salmer | ||
| 500 | |a v.1: Museo del Louvre | ||
| 500 | |a v.2: Museo del Prado | ||
| 500 | |a v.3: Metropolitan Museum, Museo de Arte Moderno de Nueva York | ||
| 500 | |a v.4: Museo del Jeu de Paume, Tate Gallery | ||
| 500 | |a v.5: Pinacoteca Vaticana, Alte Pinakothek de Munich | ||
| 500 | |a v.6: Art Institute de Chicago | ||
| 500 | |a v.7: Galería de los Uffici, Academia de Venecia | ||
| 500 | |a v.8: National Gallery | ||
| 500 | |a v.9: Pinacoteca de Bera, Galería Nacional de Praga | ||
| 500 | |a v.10: Riyksmuseum de Amsterdam, Galería Nacional de Washington | ||
| 500 | |a v.11: Museo de Basiela, Galería de Pinturas de Dresde | ||
| 500 | |a v.12: Kunsthistorisches Museum de Viena, Museo Naciobal de Bellas Artes de Budapest | ||
| 650 | 0 | |a Pintura |9 265046 | |
| 650 | 0 | |a Coleccionistas y colecciones |9 269140 | |
| 650 | 0 | |a Museos de arte |9 265235 | |
| 583 | |a last modification |c 19881130 00:00:00 |k Rodrigo Vera | ||
| 999 | |c 215330 |d 215328 | ||
| 952 | |0 0 |1 0 |4 0 |6 759_000000000000000_MON_1984 |7 0 |8 X |9 199431 |a BIBHIS |b BIBHIS |d 2019-11-14 |h v.1 |i 2667398 |o 759 MON 1984 |p 2667398 |r 2024-01-30 |w 2019-11-14 |y BK_X |k HIS | ||
| 952 | |0 0 |1 0 |4 0 |6 759_000000000000000_MON_1984 |7 0 |8 X |9 199432 |a BIBHIS |b BIBHIS |d 2019-11-14 |h v.2 |i 2667401 |o 759 MON 1984 |p 2667401 |r 2024-01-30 |w 2019-11-14 |y BK_X |k HIS | ||
| 952 | |0 0 |1 0 |4 0 |6 759_000000000000000_MON_1984 |7 0 |8 X |9 199433 |a BIBHIS |b BIBHIS |d 2019-11-14 |h v.3 |i 266741K |o 759 MON 1984 |p 266741K |r 2024-01-30 |w 2019-11-14 |y BK_X |k HIS | ||
| 952 | |0 0 |1 0 |4 0 |6 759_000000000000000_MON_1984 |7 0 |8 X |9 199434 |a BIBHIS |b BIBHIS |d 2019-11-14 |h v.4 |i 2667428 |o 759 MON 1984 |p 2667428 |r 2024-01-30 |w 2019-11-14 |y BK_X |k HIS | ||
| 952 | |0 0 |1 0 |4 0 |6 759_000000000000000_MON_1984 |7 0 |8 X |9 199435 |a BIBHIS |b BIBHIS |d 2019-11-14 |h v.5 |i 2667436 |o 759 MON 1984 |p 2667436 |r 2024-01-30 |w 2019-11-14 |y BK_X |k HIS | ||
| 952 | |0 0 |1 0 |4 0 |6 759_000000000000000_MON_1984 |7 0 |8 X |9 199436 |a BIBHIS |b BIBHIS |d 2019-11-14 |h v.6 |i 2667444 |o 759 MON 1984 |p 2667444 |r 2024-01-30 |w 2019-11-14 |y BK_X |k HIS | ||
| 952 | |0 0 |1 0 |4 0 |6 759_000000000000000_MON_1984 |7 0 |8 X |9 199437 |a BIBHIS |b BIBHIS |d 2019-11-14 |h v.7 |i 2667452 |o 759 MON 1984 |p 2667452 |r 2024-01-30 |w 2019-11-14 |y BK_X |k HIS | ||
| 952 | |0 0 |1 0 |4 0 |6 759_000000000000000_MON_1984 |7 0 |8 X |9 199438 |a BIBHIS |b BIBHIS |d 2019-11-14 |h v.8 |i 2667460 |o 759 MON 1984 |p 2667460 |r 2024-01-30 |w 2019-11-14 |y BK_X |k HIS | ||
| 952 | |0 0 |1 0 |4 0 |6 759_000000000000000_MON_1984 |7 0 |8 X |9 199439 |a BIBHIS |b BIBHIS |d 2019-11-14 |h v.9 |i 2667479 |o 759 MON 1984 |p 2667479 |r 2024-01-30 |w 2019-11-14 |y BK_X |k HIS | ||
| 952 | |0 0 |1 0 |4 0 |6 759_000000000000000_MON_1984 |7 0 |8 X |9 199440 |a BIBHIS |b BIBHIS |d 2019-11-14 |h v.10 |i 2667487 |o 759 MON 1984 |p 2667487 |r 2024-01-30 |w 2019-11-14 |y BK_X |k HIS | ||
| 952 | |0 0 |1 0 |4 0 |6 759_000000000000000_MON_1984 |7 0 |8 X |9 199441 |a BIBHIS |b BIBHIS |d 2019-11-14 |h v.11 |i 2667495 |o 759 MON 1984 |p 2667495 |r 2024-01-30 |w 2019-11-14 |y BK_X |k HIS | ||
| 952 | |0 0 |1 0 |4 0 |6 759_000000000000000_MON_1984 |7 0 |8 X |9 199442 |a BIBHIS |b BIBHIS |d 2019-11-14 |h v.12 |i 2667509 |o 759 MON 1984 |p 2667509 |r 2024-01-30 |w 2019-11-14 |y BK_X |k HIS | ||
| 952 | |0 0 |1 0 |4 0 |6 759_000000000000000_MON_1984 |7 0 |8 F |9 199443 |a BIBART |b BIBART |d 2019-11-14 |h v.1 |i 2667517 |o 759 MON 1984 |p 2667517 |r 2025-03-13 |w 2019-11-14 |y BK_F |k ART | ||
| 952 | |0 0 |1 0 |4 0 |6 759_000000000000000_MON_1984 |7 0 |8 F |9 199444 |a BIBART |b BIBART |d 2019-11-14 |h v.2 |i 2667525 |o 759 MON 1984 |p 2667525 |r 2025-03-13 |w 2019-11-14 |y BK_F |k ART | ||
| 952 | |0 0 |1 0 |4 0 |6 759_000000000000000_MON_1984 |7 0 |8 F |9 199445 |a BIBART |b BIBART |d 2019-11-14 |h v.3 |i 2667533 |o 759 MON 1984 |p 2667533 |r 2025-03-13 |w 2019-11-14 |y BK_F |k ART | ||
| 952 | |0 0 |1 0 |4 0 |6 759_000000000000000_MON_1984 |7 0 |8 F |9 199446 |a BIBART |b BIBART |d 2019-11-14 |h v.4 |i 2667541 |o 759 MON 1984 |p 2667541 |r 2025-03-13 |w 2019-11-14 |y BK_F |k ART | ||
| 952 | |0 0 |1 0 |4 0 |6 759_000000000000000_MON_1984 |7 0 |8 F |9 199447 |a BIBART |b BIBART |d 2019-11-14 |h v.5 |i 266755K |o 759 MON 1984 |p 266755K |r 2025-03-13 |w 2019-11-14 |y BK_F |k ART | ||
| 952 | |0 0 |1 0 |4 0 |6 759_000000000000000_MON_1984 |7 0 |8 F |9 199448 |a BIBART |b BIBART |d 2019-11-14 |h v.6 |i 2667568 |o 759 MON 1984 |p 2667568 |r 2025-03-13 |w 2019-11-14 |y BK_F |k ART | ||
| 952 | |0 0 |1 0 |4 0 |6 759_000000000000000_MON_1984 |7 0 |8 F |9 199449 |a BIBART |b BIBART |d 2019-11-14 |h v.7 |i 2667576 |o 759 MON 1984 |p 2667576 |r 2025-03-13 |w 2019-11-14 |y BK_F |k ART | ||
| 952 | |0 0 |1 0 |4 0 |6 759_000000000000000_MON_1984 |7 0 |8 F |9 199450 |a BIBART |b BIBART |d 2019-11-14 |h v.8 |i 2667584 |o 759 MON 1984 |p 2667584 |r 2025-03-13 |w 2019-11-14 |y BK_F |k ART | ||
| 952 | |0 0 |1 0 |4 0 |6 759_000000000000000_MON_1984 |7 0 |8 F |9 199451 |a BIBART |b BIBART |d 2019-11-14 |h v.9 |i 2667592 |o 759 MON 1984 |p 2667592 |r 2025-03-13 |w 2019-11-14 |y BK_F |k ART | ||
| 952 | |0 0 |1 0 |4 0 |6 759_000000000000000_MON_1984 |7 0 |8 F |9 199452 |a BIBART |b BIBART |d 2019-11-14 |h v.10 |i 2667606 |o 759 MON 1984 |p 2667606 |r 2025-03-13 |w 2019-11-14 |y BK_F |k ART | ||
| 952 | |0 0 |1 0 |4 0 |6 759_000000000000000_MON_1984 |7 0 |8 F |9 199453 |a BIBART |b BIBART |d 2019-11-14 |h v.11 |i 2667614 |o 759 MON 1984 |p 2667614 |r 2025-03-13 |w 2019-11-14 |y BK_F |k ART | ||
| 952 | |0 0 |1 0 |4 0 |6 759_000000000000000_MON_1984 |7 0 |8 F |9 199454 |a BIBART |b BIBART |d 2019-11-14 |h v.12 |i 2667622 |o 759 MON 1984 |p 2667622 |r 2025-03-13 |w 2019-11-14 |y BK_F |k ART | ||
| 952 | |0 0 |1 0 |4 0 |6 759_000000000000000_MON_1984 |7 0 |8 F |9 199455 |a BIBEDU |b BIBEDU |d 2019-11-14 |h v.1 |i 2667630 |o 759 MON 1984 |p 2667630 |r 2023-01-12 |w 2019-11-14 |y BK_F |k MUS | ||
| 952 | |0 0 |1 0 |4 0 |6 759_000000000000000_MON_1984 |7 0 |8 F |9 199456 |a BIBEDU |b BIBEDU |d 2019-11-14 |h v.2 |i 2667649 |o 759 MON 1984 |p 2667649 |r 2023-01-12 |w 2019-11-14 |y BK_F |k MUS | ||
| 952 | |0 0 |1 0 |4 0 |6 759_000000000000000_MON_1984 |7 0 |8 F |9 199457 |a BIBEDU |b BIBEDU |d 2019-11-14 |h v.3 |i 2667657 |o 759 MON 1984 |p 2667657 |r 2023-01-12 |w 2019-11-14 |y BK_F |k MUS | ||
| 952 | |0 0 |1 0 |4 0 |6 759_000000000000000_MON_1984 |7 0 |8 F |9 199458 |a BIBEDU |b BIBEDU |d 2019-11-14 |h v.4 |i 2667665 |o 759 MON 1984 |p 2667665 |r 2023-01-12 |w 2019-11-14 |y BK_F |k MUS | ||
| 952 | |0 0 |1 0 |4 0 |6 759_000000000000000_MON_1984 |7 0 |8 F |9 199459 |a BIBEDU |b BIBEDU |d 2019-11-14 |h v.5 |i 2667673 |o 759 MON 1984 |p 2667673 |r 2023-01-12 |w 2019-11-14 |y BK_F |k MUS | ||
| 952 | |0 0 |1 0 |4 0 |6 759_000000000000000_MON_1984 |7 0 |8 F |9 199460 |a BIBEDU |b BIBEDU |d 2019-11-14 |h v.6 |i 2667681 |o 759 MON 1984 |p 2667681 |r 2023-01-12 |w 2019-11-14 |y BK_F |k MUS | ||
| 952 | |0 0 |1 0 |4 0 |6 759_000000000000000_MON_1984 |7 0 |8 F |9 199461 |a BIBEDU |b BIBEDU |d 2019-11-14 |h v.7 |i 266769K |o 759 MON 1984 |p 266769K |r 2023-01-12 |w 2019-11-14 |y BK_F |k MUS | ||
| 952 | |0 0 |1 0 |4 0 |6 759_000000000000000_MON_1984 |7 0 |8 F |9 199462 |a BIBEDU |b BIBEDU |d 2019-11-14 |h v.8 |i 2667703 |o 759 MON 1984 |p 2667703 |r 2023-01-12 |w 2019-11-14 |y BK_F |k MUS | ||
| 952 | |0 0 |1 0 |4 0 |6 759_000000000000000_MON_1984 |7 0 |8 F |9 199463 |a BIBEDU |b BIBEDU |d 2019-11-14 |h v.9 |i 2667711 |o 759 MON 1984 |p 2667711 |r 2023-01-12 |w 2019-11-14 |y BK_F |k MUS | ||
| 952 | |0 0 |1 0 |4 0 |6 759_000000000000000_MON_1984 |7 0 |8 F |9 199464 |a BIBEDU |b BIBEDU |d 2019-11-14 |h v.10 |i 266772K |o 759 MON 1984 |p 266772K |r 2023-01-12 |w 2019-11-14 |y BK_F |k MUS | ||
| 952 | |0 0 |1 0 |4 0 |6 759_000000000000000_MON_1984 |7 0 |8 F |9 199465 |a BIBEDU |b BIBEDU |d 2019-11-14 |h v.11 |i 2667738 |o 759 MON 1984 |p 2667738 |r 2023-01-12 |w 2019-11-14 |y BK_F |k MUS | ||
| 952 | |0 0 |1 0 |4 0 |6 759_000000000000000_MON_1984 |7 0 |8 F |9 199466 |a BIBEDU |b BIBEDU |d 2019-11-14 |h v.12 |i 2667746 |o 759 MON 1984 |p 2667746 |r 2023-01-12 |w 2019-11-14 |y BK_F |k MUS | ||